000 00738nas a2200277 4500
001 BR8205054
003 BR-BrBNA
005 20231205085238.0
007 ta
008 230509b bl.|||p| |||| 00| 00por d
040 _aBR-BrBNA
_bpor
_cBiblioteca Nacional de Agricultura
041 _a(Pt)
072 _aP05
100 1 _aAnon.
245 1 _aMetanol/Etanol; madeira x petroleo
650 _aMADEIRA
650 _aPETROLEO
650 _aCOMBUSTIVEL
650 _aRECURSO ENERGETICO
650 _aEXTRACAO
650 _aEUCALIPTO
650 _aPINHEIRO
773 0 _tSilvicultura (Brazil)
_xISSN 0100-3615
_g(Jul-Aug 1982), v. 7(25) p. 18-24
_wBR8205054
909 _a202311
_bLúcia
_c55
_dLúcia Elande
942 _2AGRIS
_n0
_cANA
999 _c110207
_d110207